| 000 | 00782nam a2200217Ii 4500 | ||
|---|---|---|---|
| 003 | JO-AjNU | ||
| 008 | 230605s9999||||xx |||||||||||||| ||und|| | ||
| 017 | _a2009/9/4162 | ||
| 040 |
_aJO-AjNU _bara _erda _cJO-AjNU |
||
| 041 | _aara | ||
| 050 | 1 | 4 | _aDS153.3.F376 2009 |
| 100 | 3 |
_aالفقير، نوح مصطفى, _eauthor _942697 |
|
| 245 | 0 | 0 | _aالسياحة الدينية الإسلامية في المملكة الأردنية الهاشمية 1430هجري/2009م |
| 250 | _aط1 | ||
| 264 | 3 | 1 | _aعمان: دار الجوزي، 2009 |
| 300 |
_a335ص _bصور توضيحية |
||
| 336 |
_atext _btxt _2rdacontent |
||
| 337 |
_aunmediated _bn _2rdamedia |
||
| 338 |
_avolume _bnc _2rdacarrier |
||
| 650 | 4 |
_aالسياحة-الاماكن الدينية الاردن _942698 |
|
| 999 |
_aA18302 _c21870 _d21870 |
||